Statistics for Mythological Pokémon

Click here to take the quiz!

General Stats

  • This quiz has been taken 11 times
  • The average score is 5 of 16

Answer Stats

PokémonMythological Creature% Correct
CharizardDragon
100%
Ho-ohPhoenix
78%
AbomasnowYeti
67%
RapidashUnicorn
56%
LycanrocWerewolf
56%
HoopaGenie
33%
HydreigonHydra
33%
CofagrigusMummy
33%
PrimarinaMermaid
22%
DrowzeeBaku
11%
MisdreavusBanshee
11%
GolurkGolem
11%
LombreKappa
11%
KeldeoKelpie
11%
NinetalesKitsune
11%
ShiftryTengu
0%

Score Distribution

Percentile by Number Answered

Percent of People with Each Score

Your Score History

You have not taken this quiz